Thần thoại Trung Quốc

Wedi'i Gadw mewn:
Manylion Llyfryddiaeth
Prif Awdur: Đinh Gia Khánh
Fformat: Llyfr
Iaith:Vietnamese
Cyhoeddwyd: H. Khoa học xã hội 1994
Rhifyn:Tái bản lần 1
Pynciau:
Tagiau: Ychwanegu Tag
Dim Tagiau, Byddwch y cyntaf i dagio'r cofnod hwn!
Thư viện lưu trữ: Trung tâm Học liệu Lê Vũ Hùng, Trường Đại học Đồng Tháp
LEADER 00706pam a22002298a 4500
001 00025157
005 20171026081022.0
008 110731s1994 ||||||viesd
041 0 # |a vie 
082 1 4 |a 398.209 51  |b TH121TH 
100 1 # |a Đinh Gia Khánh 
245 1 0 |a Thần thoại Trung Quốc  |c Đinh Gia Khánh 
250 # # |a Tái bản lần 1 
260 # # |a H.  |b Khoa học xã hội  |c 1994 
300 # # |a 252 tr.  |c 19 cm. 
650 # 4 |a Thần thoại 
650 # 4 |a Trung Quốc 
650 # 4 |a Văn học dân gian 
852 # # |b Kho đọc  |j KD.0010386 
852 # # |j KD.0010386 
910 |d 31/07/2011 
980 # # |a Trung tâm Học liệu Lê Vũ Hùng, Trường Đại học Đồng Tháp